00418 2200157 4500001002100000008004100021035002000062245005100082100001200133260004400145300001200189020001800201084001400219082000800233990001900241INLIS000000000001108 ind  a0010-0724001108 aSeri Pahlawan Anak SeranggabSeranggacWardani aWardani aMakassar :bPT. Citra Adi Bangsa,c2007 a48 hlm. a979-9414-71-7 a500 WAR s a500 aP29/CP/24/1108